| 000 | 00568nam a2200181Ia 4500 | ||
|---|---|---|---|
| 008 | 100920s9999 xx 000 0 und d | ||
| 082 |
_b102244 _a891.43 न 08 |
||
| 100 | _aनानी पालखीवाला. | ||
| 245 | _aआज का भारत. | ||
| 260 |
_bराजपाल एण्ड सन्ज , दिल्ली. _c2008 |
||
| 300 |
_a208 _bसाधी |
||
| 365 | _b200 | ||
| 520 | _aहिंदी. | ||
| 630 | _aआज का भारत. | ||
| 650 | _aहिंदी. | ||
| 730 | _aआज का भारत. | ||
| 942 | _cBOOK | ||
| 999 |
_c742677 _d742674 |
||